000 00792nam a22002417a 4500
001 BR8105470
003 BR-BrBNA
005 20230928091036.0
007 ta
008 230509b bl.||||| |||| 00| 0 por d
040 _aBR-BrBNA
_bpor
_cBiblioteca Nacional de Agricultura
041 _a(Por)
072 _aP05
_b/G514
090 _ P05 BR8105470
110 1 _aMinisterio das Minas e Energia, Brasilia, DF (Brasil)
_97081
111 1 _a4. Seminario sobre Publicacoes Oficiais Brasileiras
_cBrasilia, DF (Brazil)
_d27 Jul 1981
245 1 _aCatalogo de publicacoes [Ministerio das Minas e Energia, Bibliografia, Brasil]
_bProvisorio
260 3 _aBrasilia, DF (Brasil):
_c1981.
300 _a25 p.
650 _aRECURSO ENERGETICO
909 _a202309
_bLucia
_c55
_dLucia Elande
942 _cBK
999 _c31917
_d31917